000 nam a22 a 4500
999 _c489143
_d489143
003 BLK
005 20230317110139.0
008 180408b bul|||||r ||||||| ||bul||
010 _aKNG00090838000
020 _a978-619-7456-52-1
040 _aBLK
041 _aBUL
_cBUL
072 _9178296
_aРА
_xРусенски автори
080 _aДруги видове песни. - Естрада, джаз. Стари градски. Рок-и попмузика. Чалга(поп-фолк)
_b784.7
_x(091)(031)
_z784.7(091)(031)
100 _aМаджаров, Стоян Николов
_eпърви автор
_9295682
139 _aМаджаров, Стоян Николов
_bМ 14
245 1 0 _aИмена от света на поп и рок музиката
_cСтоян Маджаров.
257 _aBGR
260 _aРусе
_bДема прес
_c2022
_9390643
300 _a330 с.
_bсъс сн.
_c23 см
380 _a7
650 4 _aРокмузика - история
_9243582
653 _aрокмузика
653 7 _aпопмузика
_9194183
653 _aистория на музиката
856 4 _qpdf
_i0.00
_ldisable
856 4 _qpdf
_i0.00
_ldisable
942 _cKNG
_n0
_s1
944 _c2023-03-17
_l2023-03-17
_kТД